[Event "IECG CA.2003.0.00097 email"]
[Site "IECG email"]
[Date "2003.06.20"]
[Round "?"]
[White "Sorroche Lupion, Francisco"]
[Black "Rajczyk, Isidora"]
[Result "1-0"]
[WhiteElo "2168"]
[BlackElo "2080"]
[PlyCount "105"]
[EventDate "2003.06.20"]
[EventType "tourn (corr)"]
[EventRounds "6"]
[SourceTitle "Corr 2008"]
[Source "ChessBase"]
[SourceDate "2008.06.24"]
[SourceVersion "1"]
[SourceVersionDate "2008.06.24"]
[SourceQuality "1"]

1. e4 e5 2. Nf3 Nc6 3. Bc4 Nf6 4. Nc3 Nxe4 5. Nxe4 d5 6. Bd3 dxe4 7. Bxe4 Ne7 8. Bd3 Qd6 9. Qe2 f6 10. Bb5+ c6 11. Bc4 Bg4 12. h3 Bh5 13. g4 Bg6 14. d3 0-0-0 15. Bd2 Nd5 16. 0-0-0 Qd7 17. Nh4 Bf7 18. Nf5 Be6 19. Ng3 Bc5 20. Ne4 Bd4 21. Ba5 Nf4 22. Qf3 Bb6 23. Bxb6 axb6 24. Bxe6 Qxe6 25. Kb1 Rd4 26. Rde1 Kc7 27. g5 h5 28. Re3 Ra8 29. a3 Qe7 30. Rd1 fxg5 31. Qg3 g4 32. hxg4 h4 33. Qf3 Nd5 34. Ree1 b5 35. c3 Rda4 36. Re2 Nf4 37. Red2 g5 38. Qe3 b6 39. Rc2 Rd8 40. Rdd2 Kb7 41. Rc1 Ka7 42. Qf3 c5 43. Qd1 Ra6 44. Qb3 Nxd3 45. Rcd1 Qc7 46. Qe6 c4 47. Nxg5 b4 48. cxb4 b5 49. Qf5 Qd7 50. Qe4 Qb7 51. Qe2 Rd4 52. f3 Rf6 53. Qg2 1-0